Stadiums of 2006 FIFA World Cup with a Map - Statistics

General Stats
  • This quiz has been taken 35 times
  • The average score is 9 of 12
Answers on the Map
Answers color-coded by a green-red scale on the quiz's map according to % correct below.
 
Answer Stats
Stadium % Correct
Allianz Arena
86%
Deutsche Bank Park
82%
Olympiastadion
82%
Signal Iduna Park
82%
Veltins-Arena
82%
Volksparkstadion
82%
Mercedes-Benz Arena
71%
RheinEnergieStadion
71%
Red Bull Arena
61%
Fritz-Walter-Stadion
57%
Heinz-von-Heiden-Arena
50%
Max-Morlock-Stadion
43%
No matching quizzes found
Score Distribution
Percent of People with Each Score
Percentile by Number Answered
Your Score History
You have not taken this quiz